<?xml version="1.0" encoding="UTF-8"?><?xml-stylesheet type="text/xsl" href="static/style.xsl"?><OAI-PMH xmlns="http://www.openarchives.org/OAI/2.0/" xmlns:xsi="http://www.w3.org/2001/XMLSchema-instance" xsi:schemaLocation="http://www.openarchives.org/OAI/2.0/ http://www.openarchives.org/OAI/2.0/OAI-PMH.xsd"><responseDate>2026-06-01T17:39:00Z</responseDate><request verb="GetRecord" identifier="oai:riuma.uma.es:10630/5488" metadataPrefix="marc">https://riuma.uma.es/rest/oai/request</request><GetRecord><record><header><identifier>oai:riuma.uma.es:10630/5488</identifier><datestamp>2026-02-03T12:43:52Z</datestamp><setSpec>com_10630_2254</setSpec><setSpec>col_10630_37957</setSpec></header><metadata><record xmlns="http://www.loc.gov/MARC21/slim" xmlns:dcterms="http://purl.org/dc/terms/" xmlns:doc="http://www.lyncode.com/xoai" xmlns:xsi="http://www.w3.org/2001/XMLSchema-instance" xsi:schemaLocation="http://www.loc.gov/MARC21/slim http://www.loc.gov/standards/marcxml/schema/MARC21slim.xsd">
   <leader>00925njm 22002777a 4500</leader>
   <datafield ind2=" " ind1=" " tag="042">
      <subfield code="a">dc</subfield>
   </datafield>
   <datafield ind2=" " ind1=" " tag="720">
      <subfield code="a">Ramírez-Arlandi, Juan</subfield>
      <subfield code="e">author</subfield>
   </datafield>
   <datafield ind2=" " ind1=" " tag="260">
      <subfield code="c">2012</subfield>
   </datafield>
   <datafield ind2=" " ind1=" " tag="520">
      <subfield code="a">A partir del modelo sociológico cultural de Lépinette y del marco teórico de los «Descriptive Translation Studies» de Toury, esta tesis presenta un completo estudio de caso de las traducciones al español de EDUCATION: INTELLECTUAL, MORAL, AND PHYSICAL (1861) de Herbert Spencer (1820 1903). Incluye dos secciones: (i) el estudio de la recepción y difusión del pensamiento y de las propuestas pedagógicas de Spencer en las culturas origen y meta; y (ii) el análisis traductológico de los textos.</subfield>
   </datafield>
   <datafield ind1="8" ind2=" " tag="024">
      <subfield code="a">http://hdl.handle.net/10630/5488</subfield>
   </datafield>
   <datafield tag="653" ind2=" " ind1=" ">
      <subfield code="a">Spencer, Herbert. Education: intellectual, moral and physical - Crítica e interpretación - Tesis doctorales</subfield>
   </datafield>
   <datafield ind2="0" ind1="0" tag="245">
      <subfield code="a">Recepción y traducción de Herbert Spencer en España. Estudio descriptivo de las traducciones de EDUCATION: INTELLECTUAL, MORAL, AND PHYSICAL</subfield>
   </datafield>
</record>
</metadata></record></GetRecord></OAI-PMH>